01525nam a2200301 a 4500001001000000003000900010005001700019007000300036008004100039040002500080049000900105082001400114100005300128245007900181260003900260300002000299500007300319501006300392590002600455700004700481942001400528952013400542952013400676952013400810952012800944952013401072999001701206000024128DO-SdBNP20260521073716.0ta110119s2001 dr 000 0 spa d aDO-SdBNPbspacBNPHU aBNPD 4bS225m2221 aSang, Mu-Kien A. d1955-q(Mu-Kien Adriana)933110aSomos o no somos? /cMiguel Sang Ben ; prólogo David Álvarez Martín. aSanto Domingo :bArgumento,c2001. a94 p. ;c21 cm. aIncluye referencias bibliográficas y notas al pie de las páginas aIncluye datos biográficos del autor en la contracubierta aInventariado, 2023/BT1 aÁlvarez Martín, David,epról.949551 2ddccLBS1 00102ddc56708DSaBNPHUbBNPHUcCTd2011-01-19eDepósito LegaloBNPHU DS S225mp24128-30r2020-06-25te. 3w2020-06-25yLBS1 00102ddc56708DSaBNPHUbBNPHUcCTd2011-01-19eDepósito LegaloBNPHU DS S225mp24128-40r2020-06-25te. 4w2020-06-25yLBS1 00102ddc56708DSaBNPHUbBNPHUcCTd2011-01-27eDepósito LegaloBNPHU DS S225mp24128-50r2020-06-25te. 5w2020-06-25yLBS1 00102ddc51708PDaBNPHUbBNPHUcCTd2011-01-19eDepósito LegaloBNPHU PD S225mp24128-10r2020-06-25w2020-06-25yLBS1 00102ddc51708PDaBNPHUbBNPHUcCTd2011-01-19eDepósito LegaloBNPHU PD S225mp24128-20r2020-06-25te. 2w2020-06-25yLBS1 c23622d23622